| 000 | 01467cam a2200169 a 4500 | ||
|---|---|---|---|
| 020 | _a9781594201646 | ||
| 082 | 0 | 0 |
_a953.8052 _bCOL |
| 100 | 1 |
_aColl, Steve. _99738 |
|
| 245 | 1 | 4 |
_aThe Bin Ladens : _ban Arabian family in the American century / _cSteve Coll. |
| 260 |
_aNew York : _bPenguin Press, _c2008. |
||
| 300 |
_a671 p. : _bill. ; _c25 cm. |
||
| 505 | 0 | _aPatriarchs : 1900 to September 1967. In exile -- The royal garage -- Silent partners -- The glory of his reign -- For Jerusalem -- The backlash -- A modern man -- Crosswind -- Sons and daughters : September 1967 to May 1988. The guardians -- Young Osama -- Realm of conspiracy -- The rising son -- Discovering America -- The convert's zeal -- Wired -- The amusement park -- In the king's service -- Anxiety disorder -- The grinder -- The arms bazaar -- Off the books -- The proposal -- Kitty Hawk field of dreams -- The global family : June 1988 to September 2001. Writer-director-producer -- Lump sums -- America in motion -- The Swiss accounts -- A Rolls Royce in the rain -- The construction of exile -- Hedge funds -- A trojan desk -- The aesthetics of worship -- One phone, one world -- Lawyers, guns, and money -- Bin Laden island -- Legacies : September 2001 to September 2007. The name -- Public relations -- Brands -- So what? -- In exile. | |
| 526 |
_a0 _b0 _c0 _d953_805200000000000_COL |
||
| 650 |
_aMCE _9379 |
||
| 856 | 4 | 1 | _uhttp://www.loc.gov/catdir/toc/ecip082/2007042748.html |
| 942 |
_2ddc _cBK |
||
| 999 |
_c549662 _d549662 |
||